LEADER 03913 am 2200937 n 450 001 9910295807703321 005 20240109120747.0 010 $a979-1-0912-8138-6 010 $a2-37546-060-X 024 7 $a10.4000/books.pressesenssib.2814 035 $a(CKB)3710000000381403 035 $z(PPN)233323198 035 $a(FrMaCLE)OB-pressesenssib-2814 035 $a(oapen)https://directory.doabooks.org/handle/20.500.12854/57096 035 $a(PPN)267946708 035 $a(EXLCZ)993710000000381403 100 $a20181210j|||||||| ||| 0 101 0 $afre 135 $auu||||||m|||| 181 $ctxt$2rdacontent 182 $cc$2rdamedia 183 $acr$2rdacarrier 200 10$aProduire des contenus documentaires en ligne $eQuelles stratégies pour les bibliothèques ? /$fChristelle Di Pietro 210 $aVilleurbanne $cPresses de l?enssib$d2018 215 $a1 online resource (188 p.) 311 $a979-1-0912-8137-9 330 $aLes bibliothèques sont confrontées à des nécessités d?exploitation de leurs collections qui ne passent plus seulement par la gestion du stock mais par l?appropriation et la restitution de contenus documentaires. Le plan de l?ouvrage s?articule autour de quatre parties : exploiter les collections ; la curation et la production de contenus ; produire en réseau, et enfin, connaître le contexte juridique et écrire pour le web. Ainsi, le professionnel est devenu médiateur, producteur et éditeur de matières documentaires élaborées. Chaque partie traite aussi des nouvelles compétences relationnelles et techniques à acquérir pour ce faire. Une quinzaine de professionnels abordent ces différents aspects, en s?appuyant sur des réalisations concrètes menées dans les bibliothèques, de lecture publique comme des universités. 517 $aProduire des contenus documentaires en ligne 606 $aInformation Science & Library Science 606 $aagrégateur 606 $abibliothèques numériques 606 $acuration 606 $adocumentaliste 606 $adroit de l'information 606 $ae-books 606 $arecherches documentaires 606 $aréseaux sociaux 606 $agestion de l'information 610 $abibliothèques numériques 610 $acuration 610 $adroit de l'information 610 $arecherches documentaires 610 $ae-books 610 $aagrégateur 610 $agestion de l'information 610 $adocumentaliste 610 $aréseaux sociaux 615 4$aInformation Science & Library Science 615 4$aagrégateur 615 4$abibliothèques numériques 615 4$acuration 615 4$adocumentaliste 615 4$adroit de l'information 615 4$ae-books 615 4$arecherches documentaires 615 4$aréseaux sociaux 615 4$agestion de l'information 700 $aBattisti$b Michèle$01310475 701 $aBournerie$b Pierre$01310476 701 $aBreuil$b Isabelle$01310477 701 $aDeschaux$b Jocelyne$01308147 701 $aDi Pietro$b Christelle$01310478 701 $aDi Pietro$b Christelle$01310479 701 $aDujol$b Lionel$01301690 701 $aEssard-Budaïl$b Bruno$01310480 701 $aGauthier$b Gonzague$01310481 701 $aHaettiger$b Magali$01310482 701 $aHernebring$b Patrick$01310483 701 $aLe Gall$b Magalie$01310484 701 $aMacé$b Dominique$01310485 701 $aMagro$b Sébastien$01310486 701 $aNosny$b Nathalie$01310487 701 $aPouchol$b Jérôme$01298535 701 $aRouquet$b Isabelle$01310488 701 $aTilbian$b Carole$01310489 701 $aDi Pietro$b Christelle$01310478 801 0$bFR-FrMaCLE 906 $aBOOK 912 $a9910295807703321 996 $aProduire des contenus documentaires en ligne$93029838 997 $aUNINA LEADER 03232nam 2200649 450 001 9910830205803321 005 20230725052831.0 010 $a3-433-60568-8 010 $a3-433-60543-2 010 $a3-433-60101-1 035 $a(CKB)3400000000085587 035 $a(EBL)1767036 035 $a(SSID)ssj0000750404 035 $a(PQKBManifestationID)11480137 035 $a(PQKBTitleCode)TC0000750404 035 $a(PQKBWorkID)10737393 035 $a(PQKB)10967530 035 $a(MiAaPQ)EBC1767036 035 $a(WaSeSS)Ind00046306 035 $a(MiAaPQ)EBC6735506 035 $a(Au-PeEL)EBL6735506 035 $a(OCoLC)796086594 035 $a(EXLCZ)993400000000085587 100 $a20140901h20112011 uy 0 101 0 $ager 135 $aur|n|---||||| 181 $ctxt 182 $cc 183 $acr 200 00$aBeton kalender 2011 $ekraftwerke, faserbeton /$fherausgegeben von Konrad Bergmeister, Frank Fingerloos, Johann-Dietrich Wo?rner ; Hans Baltzer, umschlaggestaltung 205 $a2nd ed. 210 1$aBerlin, Germany :$cErnst & Sohn,$d2011. 210 4$d©2011 215 $a1 online resource (1377 p.) 225 1 $aBeton-Kalender (VCH) * 300 $aIncludes index. 311 $a3-433-02954-7 327 $aCover page; Title page ; Copyright page; Vorwort; Inhaltsu?bersicht 1; Inhaltsu?bersicht 2; Inhaltsverzeichnis; Anschriften 1; Anschriften 2; Beitra?ge fru?herer Jahrga?nge ; I Energie, Kraftwerksbau; II Windenergieanlagen in Stahlbeton- und Spannbetonbauweise; III Geothermie; IV Staumauern aus Beton und Mauerwerk; V Planung und Bau von Kleinwasserkraftwerken; VI Konzepte der Tragwerksplanung im Kraftwerksbau; VII Bautechnik im Kernkraftwerksbau; VIII Beton im Kraftwerksbau; IX Faserbeton; X Grundlagen des Faserbetons; XI Baukonstruktionen aus Faserbeton 327 $aXII Erla?uterungen zur DAfStb-Richtlinie StahlfaserbetonXIII Betonstahl und Spannstahl; XIV Lebensdauerbemessung; XV Instandsetzung und Erhaltung von Betonbauwerken; XVI Normen und Regelwerke; Stichwortverzeichnis 330 $aUnter dem Schwerpunktthema ""Energie"" behandelt der Beton-Kalender in mehreren Beitra?gen Planung und Entwurf von baulichen Anlagen, die der Energiegewinnung der Zukunft - o?rtlich, regional und im internationalen Maßstab - dienen. Dabei werden zum notwendigen Versta?ndnis der besonderen Lasteinwirkungen jeweils einfu?hrend die Technik, Typen und Leistungsklassen beschrieben, und anschließend die Betontragwerke erla?utert. Die spezifischen Anforderungen an den Baustoff Beton im Kraftwerksbau werden in einem gesonderten Kapitel behandelt. Das Thema Energie ohne die die Nachhaltigkeit von Betonkonst 410 0$aBeton-Kalender (VCH) * 606 $aConcrete construction 606 $aReinforced concrete 615 0$aConcrete construction. 615 0$aReinforced concrete. 676 $a625.84 702 $aBergmeister$b Konrad 702 $aFingerloos$b Frank 702 $aWo?rner$b Johann Dietrich 702 $aBaltzer$b Hans 801 0$bMiAaPQ 801 1$bMiAaPQ 801 2$bMiAaPQ 906 $aBOOK 912 $a9910830205803321 996 $aBeton kalender 2011$91960211 997 $aUNINA